Mannschaften - Fußball-Europameisterschaft 2012 - Statistiken

Allgemein
  • Dieses Quiz wurde 46 mal gespielt
  • Das Durchschnittsergebnis liegt bei 15 aus 16
Antwortstatistiken
Squadra % Korrekt
Dänemark
100%
Deutschland
100%
Italien
100%
Polen
100%
Ukraine
100%
England
97%
Frankreich
97%
Portugal
97%
Russland
97%
Spanien
97%
Griechenland
95%
Kroatien
95%
Schweden
95%
Irland
92%
Niederlande
89%
Tschechische Republik
74%
Keine übereinstimmenden Quizze gefunden
Verteilung der Resultate
Anzahl Personen mit jedem Resultat
Perzentil nach korrekt beantworteten Fragen
Ihre Resultats-Entwicklung
Sie haben dieses Quiz noch nicht gespielt